000
00344nas a2200157 a 4500
001
86673
003
164590
005
20201118112308.0
008
||||||n9999 ||| || ||
245
0
_a
Time - Vol.160 No.16
260
_a
Estados Unidos :
562
_e
1
773
_0
21966
_a
Time
942
_c
SISS
999
_c
86673
_d
86673